000 00836nam a22002777a 4500
001 BR5500008
003 BR-BrBNA
005 20230928082948.0
007 ta
008 230509b bl.||||| |||| 00| 0 por d
040 _aBR-BrBNA
_bpor
_cBiblioteca Nacional de Agricultura
041 _a(Por)
072 _aN10
_b/G514
090 _ N10 BR5500008
110 1 _aCompanhia Brasileira de Engenharia, Sao Paulo, SP
_92316
245 1 _aPlano de eletrificacao da Regiao do Cariri [Engenharia eletrica; Engenharia rural; Nordeste; Brasil]
_bv. 2 pt. 1; pt. 2
260 3 _aSao Paulo, SP (Brasil):
_c1955.
300 _a337 p.
500 _a22 graphs.; 115 tables
650 _aEngenharia eletrica
650 _aEngenharia rural
650 _aCariri
650 _aNordeste
909 _a202309
_bLucia
_c55
_dLucia Elande
942 _cBK
999 _c10847
_d10847